Statystyki dla Państwa Imperium Japońskiego

Kliknij tutaj aby rozwiązać quiz!

Ogólne statystyki

  • Ten quiz został rozwiązany 21 671 razy
  • Średni wynik to 19 z 27

Statystyki odpowiedzi

%Kraj% Poprawnych
30Chiny
98%
< 1Rosja
93%
100Korea Północna
91%
100Korea Południowa
91%
100Indonezja
88%
100Japonia
87%
100Wietnam
84%
< 1Indie (Andamany)
82%
< 1Australia (Wyspa Bożego
Narodzenia)
78%
?Tajlandia
78%
100Laos
77%
< 1Stany Zjednoczone
(parę wysp na Pacyfiku)
77%
100Filipiny
75%
100Malezja
73%
100Kambodża
72%
100Tajwan
71%
100Mjanma
68%
100Singapur
66%
90Papua-Nowa Gwinea
61%
100Mikronezja
53%
100Timor Wschodni
52%
100Brunei
50%
100Wyspy Marshalla
48%
100Palau
45%
20?Wyspy Salomona
45%
100Nauru
42%
20?Kiribati
38%

Rozkład punktacji

Percentyl według liczby udzielonych odpowiedzi

Procent ludzi z każdym wynikiem

Twoja historia wyników

Nie rozwiązałeś tego quizu